Word Ladder: Studio Ghibli Quiz Stats

 Plays Quiz Updated Oct 24, 2017

Challenge
Share
Tweet
Embed
Score 0/25 Timer 03:00
1 Play Today
Clue 4-Letter Word % Correct
Birthday treatCAKE
93.8%
Prepare food with heatCOOK
92.8%
Apple's central partCORE
92.7%
Bottle stopperCORK
92.5%
Soft drink brand, familiarlyCOKE
91.9%
The tortoise defeated himHARE
90.1%
Fall garden toolRAKE
90.1%
Give someone a jobHIRE
89.8%
Money for a bus rideFARE
88.2%
Hip or stylishCOOL
87.4%
• [First Rung]'s heart belongs to a ____ demon ••FIRE•
87.1%
Forte of Tiger WoodsGOLF
85.1%
• [First Rung] is voiced by Christian ____•BALE•
82.5%
Clue 4-Letter Word % Correct
• The spirit that wreaks havoc on the bathhouse in 'Spirited Away' has no ____•FACE•
82.4%
Metal that leads to rushing?GOLD
82%
Thick typefaceBOLD
81.8%
Walking speedPACE
80.1%
AshenPALE
79.1%
Like one with a chrome domeBALD
78.7%
• San (Princess Mononoke) is adopted by a ____•WOLF•
63.6%
• Wizard and owner of a moving castle ••HOWL•
62.1%
Monk's robeCOWL
61.3%
• River spirit who has a dragon form (Spirited Away) ••HAKU•
39.9%
• Main character in 'The Cat Returns' / spring in Japanese ••HARU•
39.2%
Type of Japanese potteryRAKU
37.3%

Today's Daily Dose

Word Ladder
Bruno Mars Song

Get the Picture
Japanese Cars

You're not logged in!

Compare scores with friends on all Sporcle quizzes.
OR
Log In

You Might Also Like...

Show Comments

Extras

Top Quizzes Today


Score Distribution

Your Account Isn't Verified!

In order to create a playlist on Sporcle, you need to verify the email address you used during registration. Go to your Sporcle Settings to finish the process.

Report this User

Report this user for behavior that violates our Community Guidelines.

Details: